2010-2011 ನೇ ಸಾಲಿನ ದರ ಪಟ್ಟಿ ಲೋಕೋಪಯೋಗಿ ಬಂದರು ಮತ್ತು ಒಳನಾಡು ಜಲ ಸಾರಿಗೆ ಇಲಾಖೆ ಬೆಂಗಳೂರು ವೃತ್ತ (Record no. 10765)
[ view plain ]
| 000 -LEADER | |
|---|---|
| fixed length control field | 00473nam a2200109 4500 |
| 003 - CONTROL NUMBER IDENTIFIER | |
| control field | OSt |
| 005 - DATE AND TIME OF LATEST TRANSACTION | |
| control field | 20220707142010.0 |
| 008 - FIXED-LENGTH DATA ELEMENTS--GENERAL INFORMATION | |
| fixed length control field | 220707b ||||| |||| 00| 0 eng d |
| 245 ## - TITLE STATEMENT | |
| Title | 2010-2011 ನೇ ಸಾಲಿನ ದರ ಪಟ್ಟಿ ಲೋಕೋಪಯೋಗಿ ಬಂದರು ಮತ್ತು ಒಳನಾಡು ಜಲ ಸಾರಿಗೆ ಇಲಾಖೆ ಬೆಂಗಳೂರು ವೃತ್ತ |
| 260 ## - PUBLICATION, DISTRIBUTION, ETC. (IMPRINT) | |
| Place of publication, distribution, etc | Bengaluru circle |
| Name of publisher, distributor, etc | Shedule of rates PWP and IWID |
| 942 ## - ADDED ENTRY ELEMENTS (KOHA) | |
| Source of classification or shelving scheme | |
| Withdrawn status | Lost status | Source of classification or shelving scheme | Damaged status | Not for loan | Permanent location | Current location | Date acquired | Barcode | Date last seen | Price effective from | Non-public note | Koha item type | Public note |
|---|---|---|---|---|---|---|---|---|---|---|---|---|---|
| BMS College of Architecture, Design and Planning | BMS College of Architecture, Design and Planning | 2022-07-07 | AR-DB440 | 2022-07-07 | 2022-07-07 | Donated by Ar. K.V. Harsha Babu, Harsha Design Associates | Donated Book | Donated by Ar. K.V. Harsha Babu, Harsha Design Associates |